[Event "Hamburg HSK Easter op"]
[Site "Hamburg"]
[Date "2025.04.18"]
[Round "1"]
[White "Atri, Jamshid"]
[Black "Klaeke, Gregor"]
[Result "1-0"]
[WhiteElo "2029"]
[BlackElo "1655"]
[PlyCount "65"]
[EventDate "2025.04.18"]
[EventType "swiss"]
[EventRounds "7"]
[EventCountry "GER"]
[SourceTitle "CB20_2025"]
[SourceDate "2025.05.14"]
[SourceVersion "1"]
[SourceVersionDate "2025.05.14"]
[SourceQuality "1"]

1. e4 e5 2. Nf3 Nc6 3. Bb5 d6 4. d4 Bd7 5. Nc3 a6 6. Bxc6 Bxc6 7. dxe5 Qd7 8. 0-0 0-0-0 9. h3 h6 10. Qd4 b6 11. Bf4 g5 12. Bg3 Bg7 13. Rad1 f5 14. exf5 Qxf5 15. Qg4 Qxg4 16. hxg4 Bxf3 17. gxf3 Ne7 18. exd6 cxd6 19. Bxd6 Ng6 20. Bg3 Bxc3 21. bxc3 Kb7 22. Rd3 Rhe8 23. Rfd1 Kc8 24. Kf1 Nf4 25. Rxd8+ Rxd8 26. Rxd8+ Kxd8 27. Bxf4 gxf4 28. Ke2 Ke7 29. Kd3 Kd6 30. Ke4 Kc5 31. Kxf4 Kc4 32. Ke5 b5 33. f4 1-0

[Event "Rottach Egern Seniors Cup 13th"]
[Site "Rottach Egern"]
[Date "2025.04.02"]
[Round "5"]
[White "Haubt, Georg"]
[Black "Klaeke, Gregor"]
[Result "1-0"]
[WhiteElo "2079"]
[BlackElo "1655"]
[PlyCount "75"]
[EventDate "2025.03.29"]
[EventType "swiss"]
[EventRounds "9"]
[EventCountry "GER"]
[SourceTitle "CB16_2025"]
[SourceDate "2025.04.16"]
[SourceVersion "1"]
[SourceVersionDate "2025.04.16"]
[SourceQuality "1"]

1. d4 d5 2. Bf4 Nf6 3. e3 Bf5 4. Nd2 e6 5. c4 Bd6 6. Bg5 Be7 7. Qb3 h6 8. Bxf6 Bxf6 9. Qxb7 Nd7 10. Qc6 0-0 11. cxd5 e5 12. e4 Bh7 13. Bb5 Nb6 14. Rc1 exd4 15. Ngf3 Qe7 16. Bd3 Qb4 17. b3 Qa3 18. 0-0 Rad8 19. Bb1 Be7 20. Nxd4 Bd6 21. Nc4 Nxc4 22. Rxc4 a5 23. f4 Qb2 24. Bc2 f6 25. Ne6 Bg6 26. Rb1 Qa3 27. Ra4 Be8 28. Rxa3 Bxc6 29. Rxa5 Bd7 30. g3 Bxe6 31. dxe6 g6 32. Rd1 g5 33. Rad5 Be7 34. Rd7 Bc5+ 35. Kg2 Rxd7 36. Rxd7 Re8 37. Rxc7 Bd6 38. Rd7 1-0

[Event "Rottach Egern Seniors Cup 13th"]
[Site "Rottach Egern"]
[Date "2025.04.01"]
[Round "4"]
[White "Klaeke, Gregor"]
[Black "Horata, Hakan"]
[Result "1-0"]
[WhiteElo "1655"]
[BlackElo "1825"]
[PlyCount "75"]
[EventDate "2025.03.29"]
[EventType "swiss"]
[EventRounds "9"]
[EventCountry "GER"]
[SourceTitle "CB16_2025"]
[SourceDate "2025.04.16"]
[SourceVersion "1"]
[SourceVersionDate "2025.04.16"]
[SourceQuality "1"]

1. e4 c5 2. Nf3 d6 3. Bc4 Nf6 4. Nc3 Nc6 5. h3 g6 6. d4 cxd4 7. Nxd4 Bg7 8. Be3 Bd7 9. Qd2 Rc8 10. Bb3 0-0 11. g4 Ne5 12. Qe2 Rxc3 13. bxc3 Nxe4 14. Bd2 Nxd2 15. Qxd2 Qc7 16. 0-0 Rc8 17. f4 Nc6 18. Rab1 Na5 19. Rf3 b6 20. Kh2 Nc4 21. Qe2 e5 22. Bxc4 exd4 23. Bb3 dxc3 24. Qe7 Bc6 25. Bxf7+ Kh8 26. Re3 Bd7 27. Rbe1 Rf8 28. Kg3 Qc8 29. Be6 Bxe6 30. Rxe6 Qc4 31. Qxd6 Qxa2 32. Re8 Kg8 33. R8e7 Bh6 34. g5 Qf7 35. Rxf7 Kxf7 36. Qe7+ Kg8 37. gxh6 Re8 38. Qg7# 1-0

[Event "Rottach Egern Seniors Cup 13th"]
[Site "Rottach Egern"]
[Date "2025.03.31"]
[Round "3"]
[White "Gutt, Oswald"]
[Black "Klaeke, Gregor"]
[Result "1-0"]
[WhiteElo "1895"]
[BlackElo "1655"]
[PlyCount "87"]
[EventDate "2025.03.29"]
[EventType "swiss"]
[EventRounds "9"]
[EventCountry "GER"]
[SourceTitle "CB16_2025"]
[SourceDate "2025.04.16"]
[SourceVersion "1"]
[SourceVersionDate "2025.04.16"]
[SourceQuality "1"]

1. d4 Nf6 2. c4 e6 3. Nc3 d5 4. Bg5 Be7 5. e3 h6 6. Bxf6 Bxf6 7. Nf3 Nc6 8. Rc1 a6 9. c5 0-0 10. Be2 Ne7 11. 0-0 c6 12. b4 Qc7 13. Na4 Bd7 14. Nb6 Rad8 15. a4 Nc8 16. Nxd7 Rxd7 17. Qc2 Na7 18. Rb1 e5 19. dxe5 Bxe5 20. Qf5 Re7 21. Bd3 g6 22. Qh3 Bg7 23. Rfc1 f5 24. b5 axb5 25. axb5 Qd7 26. b6 Nc8 27. Rb4 Ree8 28. Qg3 Kh7 29. Nd4 Ne7 30. Qc7 Rd8 31. Qxd7 Rxd7 32. Ne6 Rb8 33. h3 Ra8 34. h4 g5 35. g4 Kg8 36. Bxf5 Nxf5 37. gxf5 Be5 38. Rg4 Kf7 39. Rd1 Ra1 40. Rxa1 Bxa1 41. Ra4 Be5 42. Ra8 Bg7 43. Nxg7 Kxg7 44. Rc8 1-0